| 000 | 00744cab a2200241 4500 | ||
|---|---|---|---|
| 001 | WB3415-22 | ||
| 008 | 090401t1998 xxu||||| |||| 00| 0 eng d | ||
| 035 | _a(Sirsi) u85737 | ||
| 041 | _aeng | ||
| 245 | _aVodafone HQ plan | ||
| 260 | _c1998 | ||
| 350 | _a0 | ||
| 490 |
_aFinancial Times _v18 April 1998, 6(1) |
||
| 520 | _aIn Newbury, Vodafone, mobile phone company, wants to build headquarters for 4000 staff on land not allocated for development. Local politicians fear that the plans could intensify housing demand. | ||
| 650 | _aBERKSHIRE | ||
| 650 | _aHEADQUARTERS | ||
| 650 | _aHOUSING DEMAND | ||
| 650 | _aNEWBURY | ||
| 650 | _aVODAFONE | ||
| 690 | _aPROPERTY-PROPERTY DEVELOPMENT | ||
| 942 | _n0 | ||
| 948 | _c22/04/1998 | ||
| 999 |
_c53937 _d53937 |
||